<?xml version="1.0" encoding="UTF-8"?>
<record
    xmlns:xsi="http://www.w3.org/2001/XMLSchema-instance"
    xsi:schemaLocation="http://www.loc.gov/MARC21/slim http://www.loc.gov/standards/marcxml/schema/MARC21slim.xsd"
    xmlns="http://www.loc.gov/MARC21/slim">

  <leader>01377ntaaa2200337   4500</leader>
  <controlfield tag="003">01</controlfield>
  <controlfield tag="005">20251027203313.0</controlfield>
  <controlfield tag="008">0714s1973  ag    01 </controlfield>
  <datafield tag="020" ind1=" " ind2=" ">
    <subfield code="a">9789501293784</subfield>
  </datafield>
  <datafield tag="040" ind1=" " ind2=" ">
    <subfield code="a">AR-BaBN</subfield>
    <subfield code="b">spa</subfield>
    <subfield code="c">AR-BaBN</subfield>
    <subfield code="e">aacr</subfield>
    <subfield code="d">RIC</subfield>
  </datafield>
  <datafield tag="082" ind1=" " ind2=" ">
    <subfield code="a">371.33 L61</subfield>
  </datafield>
  <datafield tag="100" ind1=" " ind2=" ">
    <subfield code="a">Libedinsky, Marta </subfield>
    <subfield code="9">36170</subfield>
  </datafield>
  <datafield tag="245" ind1=" " ind2=" ">
    <subfield code="a">La innovaci&#xF3;n educativa en la era digital / </subfield>
    <subfield code="c">Marta Libedinsky</subfield>
  </datafield>
  <datafield tag="260" ind1=" " ind2=" ">
    <subfield code="a">Buenos Aires : </subfield>
    <subfield code="b">Paid&#xF3;s, </subfield>
    <subfield code="c">2016</subfield>
  </datafield>
  <datafield tag="300" ind1=" " ind2=" ">
    <subfield code="a">124 p. ; </subfield>
    <subfield code="c">22 cm.</subfield>
  </datafield>
  <datafield tag="490" ind1=" " ind2=" ">
    <subfield code="a">Biblioteca fundamental de la educaci&#xF3;n</subfield>
  </datafield>
  <datafield tag="500" ind1=" " ind2=" ">
    <subfield code="a">Bibliograf&#xED;a: p. 113-117</subfield>
  </datafield>
  <datafield tag="505" ind1=" " ind2=" ">
    <subfield code="t">Cap&#xED;tulo 1. La innovaci&#xF3;n en educaci&#xF3;n vista desde diferentes perspectivas</subfield>
  </datafield>
  <datafield tag="505" ind1=" " ind2=" ">
    <subfield code="t">Cap&#xED;tulo 2. Tipos de innovaciones en educaci&#xF3;n</subfield>
  </datafield>
  <datafield tag="505" ind1=" " ind2=" ">
    <subfield code="t">Cap&#xED;tulo 3. La innovaci&#xF3;n did&#xE1;ctica y la innovaci&#xF3;n tecnol&#xF3;gica</subfield>
  </datafield>
  <datafield tag="505" ind1=" " ind2=" ">
    <subfield code="t">Cap&#xED;tulo 4. La innovaci&#xF3;n did&#xE1;ctica emergente como resoluci&#xF3;n de problemas</subfield>
  </datafield>
  <datafield tag="505" ind1=" " ind2=" ">
    <subfield code="t">Cap&#xED;tulo 5. Cuatro casos de innovaci&#xF3;n en educaci&#xF3;n formal</subfield>
  </datafield>
  <datafield tag="505" ind1=" " ind2=" ">
    <subfield code="t">Cap&#xED;tulo 6. Sobre las innovaciones en contextos informales</subfield>
  </datafield>
  <datafield tag="505" ind1=" " ind2=" ">
    <subfield code="t">Cap&#xED;tulo 7. La documentaci&#xF3;n de experiencias educativas innovadoras</subfield>
  </datafield>
  <datafield tag="505" ind1=" " ind2=" ">
    <subfield code="t">Cap&#xED;tulo 8. El valor de las met&#xE1;foras para hablar de educaci&#xF3;n e innovaci&#xF3;n</subfield>
  </datafield>
  <datafield tag="650" ind1=" " ind2=" ">
    <subfield code="a">EDUCACION</subfield>
  </datafield>
  <datafield tag="650" ind1=" " ind2=" ">
    <subfield code="a">TECNOLOGIA EDUCATIVA</subfield>
    <subfield code="9">33785</subfield>
  </datafield>
  <datafield tag="650" ind1=" " ind2=" ">
    <subfield code="a">DIDACTICA</subfield>
  </datafield>
  <datafield tag="700" ind1=" " ind2=" ">
    <subfield code="a">Rottemberg, Rosa </subfield>
    <subfield code="e">selecci&#xF3;n</subfield>
  </datafield>
  <datafield tag="942" ind1=" " ind2=" ">
    <subfield code="c">BK</subfield>
  </datafield>
  <datafield tag="999" ind1=" " ind2=" ">
    <subfield code="c">28526</subfield>
    <subfield code="d">28526</subfield>
  </datafield>
  <datafield tag="952" ind1=" " ind2=" ">
    <subfield code="0">0</subfield>
    <subfield code="1">0</subfield>
    <subfield code="4">0</subfield>
    <subfield code="7">0</subfield>
    <subfield code="a">BP</subfield>
    <subfield code="b">BP</subfield>
    <subfield code="d">2025-10-27</subfield>
    <subfield code="i">045007</subfield>
    <subfield code="l">0</subfield>
    <subfield code="o">371.33 L61</subfield>
    <subfield code="p">045007</subfield>
    <subfield code="r">2025-10-27 20:33:13</subfield>
    <subfield code="w">2025-10-27</subfield>
    <subfield code="y">BK</subfield>
  </datafield>
</record>
